000 01655nam a2200397Ia 4500
001 ebr10217875
003 CaPaEBR
006 m u
007 cr cn|||||||||
008 070628r20071975mnu s 001 0beng d
010 _z 2007026770
020 _z0816650497
020 _z9780816650491 (pb : alk. paper)
020 _z9780816654017
040 _aCaPaEBR
_cCaPaEBR
035 _a(OCoLC)227339180
050 1 4 _aHD6509.C48
_bL48 2007eb
082 0 4 _a331.88/13092
_aB
_222
100 1 _aLevy, Jacques E.
245 1 0 _aCesar Chavez
_h[electronic resource] :
_bautobiography of La Causa /
_cJacques E. Levy ; with a new postscript by the author ; foreword by Fred Ross Jr. ; afterword by Jacqueline M. Levy.
250 _a1st University of Minnesota Press ed.
260 _aMinneapolis :
_bUniversity of Minnesota Press,
_c2007.
300 _axxxi, 556 p.
500 _aOriginally published in 1975 by W. W. Norton and Company, Inc.
500 _aIncludes index.
533 _aElectronic reproduction.
_bPalo Alto, Calif. :
_cebrary,
_d2009.
_nAvailable via World Wide Web.
_nAccess may be limited to ebrary affiliated libraries.
600 1 0 _aChavez, Cesar,
_d1927-1993.
610 2 0 _aUnited Farm Workers.
650 0 _aMigrant agricultural laborers
_zUnited States
_vBiography.
650 0 _aLabor leaders
_zUnited States
_vBiography.
650 0 _aMexican Americans
_vBiography.
655 7 _aElectronic books.
_2local
700 1 _aChavez, Cesar,
_d1927-1993.
710 2 _aebrary, Inc.
856 4 0 _uhttp://site.ebrary.com/lib/rucke/Doc?id=10217875
_zAn electronic book accessible through the World Wide Web; click to view
999 _c129541
_d129541